Status of post harvest diseases of mango and guava in Dhaka city / (Record no. 8645)

MARC details
000 -LEADER
fixed length control field 01065nam a22002777a 4500
001 - CONTROL NUMBER
control field BD-DhSA 8645
003 - CONTROL NUMBER IDENTIFIER
control field BD-DhSAU
005 - DATE AND TIME OF LATEST TRANSACTION
control field 20220922104144.0
008 - FIXED-LENGTH DATA ELEMENTS--GENERAL INFORMATION
fixed length control field 150613b2009 bg a|||| m||| 00| 0 eng d
040 ## - CATALOGING SOURCE
Original cataloging agency BD-DhSAU
082 ## - DEWEY DECIMAL CLASSIFICATION NUMBER
Edition number 22
Classification number ...
Item number ...
100 ## - MAIN ENTRY--PERSONAL NAME
Personal name Kundu, Biplob
Relator term Registration # 08-03236
245 ## - TITLE STATEMENT
Title Status of post harvest diseases of mango and guava in Dhaka city /
Remainder of title MS thesis
Statement of responsibility, etc. Biplob Kundu
260 ## - PUBLICATION, DISTRIBUTION, ETC. (IMPRINT)
Place of publication, distribution, etc. Sher-e-Bangla Agricultural University :
Name of publisher, distributor, etc. Department of Plant Pathology,
Date of publication, distribution, etc. 2009.
300 ## - PHYSICAL DESCRIPTION
Extent vii, 70 p. :
Other physical details ill. ;
Dimensions 29 cm.
500 ## - GENERAL NOTE
General note MS thesis of Department of Plant Pathology, Faculty of Agriculture, Sher-e-Bangla Agricultural University, Dhaka, Bangladesh
504 ## - BIBLIOGRAPHY, ETC. NOTE
Bibliography, etc Includes bibliographical reference.
590 ## - Name of Cataloguer
Name of Cataloger Jerin
650 ## - SUBJECT ADDED ENTRY--TOPICAL TERM
Topical term or geographic name as entry element Plant Pathology
650 ## - SUBJECT ADDED ENTRY--TOPICAL TERM
Topical term or geographic name as entry element mango
650 ## - SUBJECT ADDED ENTRY--TOPICAL TERM
Topical term or geographic name as entry element guava
700 ## - ADDED ENTRY--PERSONAL NAME
Personal name Chowdhury, M. Salahuddin M.
Relator term Superviser
700 ## - ADDED ENTRY--PERSONAL NAME
Personal name Sultana, Nazneen
Relator term Co-superviser
856 ## - ELECTRONIC LOCATION AND ACCESS
Link text Online Access
Uniform Resource Identifier <a href="http://archive.saulibrary.edu.bd:8080/xmlui/handle/123456789/4287">http://archive.saulibrary.edu.bd:8080/xmlui/handle/123456789/4287</a>
942 ## - ADDED ENTRY ELEMENTS (KOHA)
Source of classification or shelving scheme Dewey Decimal Classification
Koha item type MS Level Thesis
Holdings
Withdrawn status Lost status Source of classification or shelving scheme Damaged status Not for loan Collection code Home library Branch Name Shelving location Date acquired Total Checkouts Full call number Barcode Date last seen Price effective from Koha item type
    Dewey Decimal Classification   Not For Loan Reference SAU Library SAU Library Reference 15/12/2013   ... ... 37396 13/06/2015 13/06/2015 MS Level Thesis